[Event "Titled Tuesday intern op 01st Sept"]
[Site "Chess.com INT"]
[Date "2020.09.01"]
[Round "10"]
[White "Perelygin, Igor"]
[Black "Grot, Blazej"]
[Result "1/2-1/2"]
[WhiteElo "2303"]
[BlackElo "1765"]
[PlyCount "103"]
[EventDate "2020.09.01"]
[EventType "swiss (blitz)"]
[EventRounds "10"]
[EventCountry "USA"]
[SourceTitle "CBM 198 Extra"]
[Source "ChessBase"]
[SourceDate "2020.11.30"]
[SourceVersion "1"]
[SourceVersionDate "2020.11.30"]
[SourceQuality "1"]

1. e4 c5 2. d3 e6 3. f4 Nc6 4. c3 Nge7 5. Nf3 g6 6. Be3 d6 7. Bf2 Bg7 8. g3 0-0 9. Bg2 b5 10. 0-0 Rb8 11. d4 cxd4 12. cxd4 d5 13. e5 Ba6 14. Nbd2 Rc8 15. Re1 Nb4 16. Rb1 Nd3 17. Re3 b4 18. Nb3 Nxf2 19. Kxf2 Rc4 20. Nc5 Bb5 21. b3 Rxc5 22. dxc5 Qa5 23. Nd4 Rc8 24. Nxb5 Qxb5 25. Rc1 Rxc5 26. Rxc5 Qxc5 27. Kf3 Nf5 28. Rd3 d4 29. Kf2 Ne3 30. Qd2 Nc2 31. Be4 Bf8 32. h4 h5 33. Kf3 a5 34. g4 hxg4+ 35. Kxg4 Bh6 36. h5 Ne3+ 37. Rxe3 dxe3 38. Qd8+ Kg7 39. Qf6+ Kg8 40. hxg6 fxg6 41. Qxg6+ Bg7 42. Qxe6+ Kf8 43. Qf5+ Ke7 44. Qg5+ Kf8 45. Qf5+ Ke7 46. Qg6 Kf8 47. e6 Qe7 48. Qf5+ Kg8 49. Qh7+ Kf8 50. Qf5+ Kg8 51. Qh7+ Kf8 52. Qf5+ 1/2-1/2

[Event "Titled Tuesday intern op 01st Sept"]
[Site "Chess.com INT"]
[Date "2020.09.01"]
[Round "3"]
[White "Perelygin, Igor"]
[Black "Kamara, Ansumana"]
[Result "1-0"]
[WhiteElo "2303"]
[BlackElo "1899"]
[PlyCount "105"]
[EventDate "2020.09.01"]
[EventType "swiss (blitz)"]
[EventRounds "10"]
[EventCountry "USA"]
[SourceTitle "CBM 198 Extra"]
[Source "ChessBase"]
[SourceDate "2020.11.30"]
[SourceVersion "1"]
[SourceVersionDate "2020.11.30"]
[SourceQuality "1"]

1. e4 e5 2. Bc4 Nc6 3. Nf3 Be7 4. 0-0 Nf6 5. Re1 0-0 6. Bb3 d6 7. c3 Bg4 8. h3 Bh5 9. d3 a6 10. Nbd2 Na5 11. Bc2 c5 12. Nf1 b5 13. Ng3 Bg6 14. Nh4 h6 15. Nhf5 Kh7 16. f4 Rg8 17. Qf3 Ne8 18. Be3 Bxf5 19. Nxf5 g6 20. Ng3 Nf6 21. Rf1 Kg7 22. f5 g5 23. Nh5+ Nxh5 24. Qxh5 Bf6 25. h4 Rh8 26. hxg5 hxg5 27. Qg4 Rh4 28. Qg3 Rh5 29. Kf2 Qh8 30. Bd1 Rh6 31. Bxg5 Bxg5 32. Qxg5+ Kf8 33. Bg4 f6 34. Qe3 Ke7 35. d4 Nc4 36. Qe2 cxd4 37. cxd4 Rg8 38. b3 Nb6 39. dxe5 fxe5 40. Rac1 Qf6 41. Rc7+ Nd7 42. Bf3 Qh4+ 43. Ke3 Qf4+ 44. Kd3 Kd8 45. Ra7 Nc5+ 46. Kc3 d5 47. Ra8+ Kc7 48. Rxg8 dxe4 49. Rg7+ Kb6 50. Rg6+ Rxg6 51. fxg6 exf3 52. Rxf3 Qd4+ 53. Kc2 1-0

[Event "Titled Tuesday intern op 01st Sept"]
[Site "Chess.com INT"]
[Date "2020.09.01"]
[Round "5"]
[White "Perelygin, Igor"]
[Black "Safin, Robert"]
[Result "0-1"]
[WhiteElo "2303"]
[BlackElo "2287"]
[PlyCount "72"]
[EventDate "2020.09.01"]
[EventType "swiss (blitz)"]
[EventRounds "10"]
[EventCountry "USA"]
[SourceTitle "CBM 198 Extra"]
[Source "ChessBase"]
[SourceDate "2020.11.30"]
[SourceVersion "1"]
[SourceVersionDate "2020.11.30"]
[SourceQuality "1"]

1. e4 c5 2. d3 g6 3. f4 Bg7 4. c3 Nc6 5. Nf3 d5 6. Qe2 Nh6 7. g3 d4 8. Bg2 0-0 9. 0-0 Bg4 10. h3 Bxf3 11. Qxf3 dxc3 12. bxc3 c4 13. d4 Nxd4 14. Qf2 Nb5 15. e5 f6 16. a4 Nc7 17. Na3 fxe5 18. Nxc4 exf4 19. Bxf4 e5 20. Rad1 Qb8 21. Qc5 exf4 22. Rd7 Rf7 23. Rxf7 Nxf7 24. Rxf4 Ne6 25. Qe7 Nxf4 26. gxf4 Qe8 27. Qxb7 Rc8 28. Bd5 Rd8 29. Ne5 Bxe5 30. fxe5 Qd7 31. Qxd7 Rxd7 32. c4 Rxd5 33. cxd5 Nxe5 34. Kf2 Kf8 35. Ke3 Ke7 36. Kd4 Kd6 0-1

[Event "Titled Tuesday intern op 16th June"]
[Site "Chess.com INT"]
[Date "2020.06.16"]
[Round "10"]
[White "Horak, Martin"]
[Black "Perelygin, Igor"]
[Result "0-1"]
[WhiteElo "2331"]
[BlackElo "2303"]
[PlyCount "92"]
[EventDate "2020.06.16"]
[EventType "swiss (blitz)"]
[EventRounds "10"]
[EventCountry "USA"]
[SourceTitle "EXT 2021"]
[Source "ChessBase"]
[SourceDate "2020.10.23"]
[SourceVersion "1"]
[SourceVersionDate "2020.10.23"]
[SourceQuality "1"]

1. d4 Nf6 2. Nf3 e6 3. g3 c5 4. Bg2 cxd4 5. 0-0 a6 6. b3 Be7 7. Bb2 0-0 8. Nxd4 d6 9. c4 Qb6 10. Nc3 Bd7 11. Rc1 Nc6 12. Nxc6 Bxc6 13. Bxc6 Qxc6 14. Qd3 Rfd8 15. Rfd1 Rac8 16. e4 b6 17. h3 Qb7 18. Rd2 h6 19. Rcd1 Nd7 20. Qe2 Ne5 21. f4 Nd7 22. e5 dxe5 23. fxe5 Bc5+ 24. Kh2 Be7 25. Ne4 Nf8 26. Nd6 Bxd6 27. Rxd6 Rd7 28. Rxd7 Nxd7 29. Qd3 Nf8 30. Ba3 b5 31. cxb5 axb5 32. Bb4 Qc6 33. h4 h5 34. Qd6 Qf3 35. Rd2 Rc1 36. Qxf8+ Kh7 37. Rg2 Qf1 38. Kh3 Qh1+ 39. Rh2 Qf3 40. Qd6 Qg4+ 41. Kg2 Rc2+ 42. Bd2 Qd1 43. Qd3+ g6 44. Kh3 Rc5 45. Rf2 Rc7 46. Rf3 Qh1# 0-1

[Event "Titled Tuesday intern op 6th June"]
[Site "Chess.com INT"]
[Date "2020.06.02"]
[Round "9"]
[White "Melian, Juan Sebastian"]
[Black "Perelygin, Igor"]
[Result "1-0"]
[WhiteElo "1950"]
[BlackElo "2303"]
[PlyCount "97"]
[EventDate "2020.06.02"]
[EventType "swiss (blitz)"]
[EventRounds "10"]
[EventCountry "USA"]
[SourceTitle "CBM 196 Extra"]
[Source "ChessBase"]
[SourceDate "2020.07.31"]
[SourceVersion "1"]
[SourceVersionDate "2020.07.31"]
[SourceQuality "1"]

1. e4 c5 2. Nc3 e6 3. g3 a6 4. Bg2 d6 5. Nge2 Nf6 6. 0-0 Be7 7. h3 0-0 8. d3 Qc7 9. f4 Nc6 10. g4 Ne8 11. Be3 b5 12. Ng3 Bb7 13. f5 Nd4 14. Nce2 Nxe2+ 15. Qxe2 d5 16. fxe6 Qxg3 17. exf7+ Rxf7 18. Rxf7 Kxf7 19. Rf1+ Nf6 20. Bf4 Qh4 21. e5 Re8 22. exf6 Bxf6 23. Qf3 Kg8 24. c3 b4 25. g5 bxc3 26. gxf6 Qxf6 27. bxc3 Qxc3 28. Kh2 Qf6 29. Qg3 Qg6 30. Qxg6 hxg6 31. Rf2 Ba8 32. Kg3 d4 33. Bxa8 Rxa8 34. Bd6 Rc8 35. Rc2 Rc6 36. Bxc5 Kf7 37. Rc4 Ke6 38. Bxd4 Rd6 39. Kf3 Kd5 40. Rc5+ Ke6 41. Ke4 Rd7 42. Re5+ Kf7 43. Bc5 a5 44. d4 a4 45. d5 Rb7 46. d6 Rb2 47. Kd5 Rxa2 48. Re7+ Kf6 49. d7 1-0

[Event "Titled Tuesday intern op 6th June"]
[Site "Chess.com INT"]
[Date "2020.06.02"]
[Round "7"]
[White "Perelygin, Igor"]
[Black "Winslow, Elliott C"]
[Result "1-0"]
[WhiteElo "2303"]
[BlackElo "2150"]
[PlyCount "59"]
[EventDate "2020.06.02"]
[EventType "swiss (blitz)"]
[EventRounds "10"]
[EventCountry "USA"]
[SourceTitle "CBM 196 Extra"]
[Source "ChessBase"]
[SourceDate "2020.07.31"]
[SourceVersion "1"]
[SourceVersionDate "2020.07.31"]
[SourceQuality "1"]

1. e4 c5 2. d3 Nc6 3. c3 g6 4. f4 Bg7 5. Nf3 d5 6. Qe2 dxe4 7. dxe4 Nf6 8. g3 0-0 9. Bg2 e5 10. 0-0 Re8 11. fxe5 Ng4 12. Bf4 Ngxe5 13. Nbd2 Be6 14. Nxe5 Nxe5 15. Bxe5 Bxe5 16. Nc4 Bg7 17. Rad1 Qc7 18. a4 Rad8 19. Rxd8 Rxd8 20. e5 Bxc4 21. Qxc4 Bxe5 22. a5 b6 23. a6 Kg7 24. Qe4 f5 25. Qb7 Qf7 26. Re1 Bf6 27. Bc6 h5 28. Be8 Rxe8 29. Rxe8 h4 30. Ra8 1-0

[Event "Titled Tuesday intern op 26th May"]
[Site "Chess.com INT"]
[Date "2020.05.26"]
[Round "5"]
[White "Perelygin, Igor"]
[Black "Starosta, Martyna"]
[Result "1-0"]
[WhiteElo "2303"]
[BlackElo "2079"]
[PlyCount "77"]
[EventDate "2020.05.26"]
[EventType "swiss (blitz)"]
[EventRounds "10"]
[EventCountry "USA"]
[SourceTitle "CBM 196 Extra"]
[Source "ChessBase"]
[SourceDate "2020.07.31"]
[SourceVersion "1"]
[SourceVersionDate "2020.07.31"]
[SourceQuality "1"]

1. e4 e5 2. Bc4 Nf6 3. d3 Be7 4. Nf3 Nc6 5. 0-0 0-0 6. Bb3 d6 7. h3 Kh8 8. Re1 Ng8 9. c3 f5 10. Nbd2 g5 11. exf5 Bxf5 12. Ne4 g4 13. Nfg5 d5 14. hxg4 Bc8 15. Nxh7 dxe4 16. Nxf8 Qxf8 17. dxe4 Qg7 18. g5 Qh7 19. Bxg8 Qxg8 20. Qh5+ Kg7 21. Qh6+ Kf7 22. Re3 Be6 23. Rf3+ Ke8 24. g6 Kd7 25. Bg5 Bd6 26. g7 Bg4 27. Rg3 Be6 28. Rd1 Qf7 29. b3 Rg8 30. Be3 Kc8 31. c4 Nd4 32. Rd2 Bb4 33. Rxd4 exd4 34. Bxd4 Bd6 35. Rf3 Qe7 36. c5 Bxc5 37. Bxc5 Qxc5 38. Qxe6+ Kd8 39. Qxg8+ 1-0

[Event "Titled Tuesday intern op 26th May"]
[Site "Chess.com INT"]
[Date "2020.05.26"]
[Round "4"]
[White "Reimanis, Ritvars"]
[Black "Perelygin, Igor"]
[Result "1-0"]
[WhiteElo "2421"]
[BlackElo "2303"]
[PlyCount "101"]
[EventDate "2020.05.26"]
[EventType "swiss (blitz)"]
[EventRounds "10"]
[EventCountry "USA"]
[SourceTitle "CBM 196 Extra"]
[Source "ChessBase"]
[SourceDate "2020.07.31"]
[SourceVersion "1"]
[SourceVersionDate "2020.07.31"]
[SourceQuality "1"]

1. d4 Nf6 2. c4 e6 3. Nf3 c5 4. d5 exd5 5. cxd5 d6 6. Nc3 g6 7. e4 Bg4 8. Qb3 Qb6 9. Nd2 Qxb3 10. axb3 Bd7 11. Nc4 Na6 12. Bg5 Ng4 13. h3 f6 14. Bd2 Ne5 15. Nxe5 fxe5 16. Rxa6 bxa6 17. Bxa6 Be7 18. Ke2 0-0 19. Ra1 Rab8 20. Bc4 Rb7 21. Ra6 Rfb8 22. f4 exf4 23. Bxf4 Kg7 24. Bxd6 Bxd6 25. Rxd6 Re8 26. Kd3 Bc8 27. Rc6 Rf7 28. Rxc5 Rf2 29. e5 Bf5+ 30. Ke3 Rxg2 31. Rc7+ Kh6 32. e6 Rxb2 33. Nb5 Bxh3 34. Nd6 Rf8 35. e7 Rb8 36. e8Q Rxe8+ 37. Nxe8 Bf5 38. Nd6 a5 39. Ra7 Kg5 40. Rxh7 a4 41. bxa4 Kf6 42. Kd4 Rd2+ 43. Kc5 Ke5 44. Nxf5 gxf5 45. a5 f4 46. a6 f3 47. Re7+ Kf6 48. Re8 f2 49. a7 Rxd5+ 50. Kxd5 Kf5 51. Rf8+ 1-0

[Event "Titled Tuesday intern op 12th May"]
[Site "Chess.com INT"]
[Date "2020.05.12"]
[Round "5"]
[White "Perelygin, Igor"]
[Black "Danielian, Elina"]
[Result "0-1"]
[WhiteElo "2303"]
[BlackElo "2407"]
[PlyCount "112"]
[EventDate "2020.05.12"]
[EventType "swiss (blitz)"]
[EventRounds "10"]
[EventCountry "USA"]
[SourceTitle "EXT 2021"]
[Source "ChessBase"]
[SourceDate "2020.10.23"]
[SourceVersion "1"]
[SourceVersionDate "2020.10.23"]
[SourceQuality "1"]

1. e4 d6 2. f4 c5 3. Nf3 g6 4. g3 Bg7 5. Bg2 Nc6 6. d3 e6 7. c3 Nge7 8. Be3 0-0 9. 0-0 Rb8 10. a4 a6 11. Bf2 b5 12. axb5 axb5 13. d4 cxd4 14. cxd4 b4 15. Nbd2 d5 16. e5 Qb6 17. Nb3 Ba6 18. Re1 Ra8 19. Nc5 Rfd8 20. Qd2 b3 21. Ra3 Bc4 22. Rea1 Rxa3 23. Rxa3 Qb5 24. g4 Bf8 25. Bh4 Rc8 26. Nd7 Qb4 27. Nxf8 Qxd2 28. Nxd2 Kxf8 29. Nxb3 Rb8 30. Nc5 Kg7 31. Bf6+ Kg8 32. Bxe7 Nxe7 33. b3 Be2 34. h3 Nc6 35. f5 gxf5 36. gxf5 Nxd4 37. f6 h5 38. Kf2 Bd1 39. b4 Nf5 40. Nd7 Rd8 41. Ra7 Ba4 42. Rxa4 Rxd7 43. Ra8+ Kh7 44. Bf3 Kg6 45. Rg8+ Kh6 46. Rf8 h4 47. b5 Rb7 48. b6 Kg5 49. Rg8+ Kf4 50. Rg7 Kxe5 51. Bg4 Kxf6 52. Rg8 Rxb6 53. Bxf5 Kxf5 54. Rh8 Rb2+ 55. Kf3 Rb3+ 56. Kg2 Rb4 0-1

[Event "Titled Tuesday intern op 12th May"]
[Site "Chess.com INT"]
[Date "2020.05.12"]
[Round "8"]
[White "Perelygin, Igor"]
[Black "Shuvalov, Evgenij"]
[Result "0-1"]
[WhiteElo "2303"]
[BlackElo "2182"]
[PlyCount "126"]
[EventDate "2020.05.12"]
[EventType "swiss (blitz)"]
[EventRounds "10"]
[EventCountry "USA"]
[SourceTitle "EXT 2021"]
[Source "ChessBase"]
[SourceDate "2020.10.23"]
[SourceVersion "1"]
[SourceVersionDate "2020.10.23"]
[SourceQuality "1"]

1. e4 e6 2. d3 d5 3. Nd2 c5 4. Ngf3 Nf6 5. g3 Nc6 6. Bg2 Be7 7. 0-0 0-0 8. Re1 b5 9. c3 a5 10. e5 Nd7 11. Qe2 Ba6 12. h4 b4 13. c4 Nd4 14. Nxd4 cxd4 15. cxd5 exd5 16. Bxd5 Nc5 17. Be4 Nxe4 18. Nxe4 Qd5 19. Bf4 Rac8 20. b3 Bb7 21. Qg4 Rc6 22. h5 h6 23. Re2 Qe6 24. Qxe6 fxe6 25. a3 bxa3 26. Bc1 Rb6 27. Bxa3 Kf7 28. Bc5 Rxb3 29. Bxe7 Kxe7 30. Rxa5 Rxd3 31. Ra7 Rb8 32. Kh2 Rb3 33. Nc5 Rb1 34. Nxb7 R8xb7 35. Rxb7+ Rxb7 36. Rd2 Rb4 37. Kg2 Kd7 38. Kf3 Kc6 39. Ke4 Kc5 40. Rc2+ Rc4 41. Ra2 Rc3 42. g4 Kc4 43. Ra4+ Kc5 44. Rxd4 Rc2 45. Rd7 Rxf2 46. Rxg7 Re2+ 47. Kf4 Rf2+ 48. Ke3 Rg2 49. Rg6 Kd5 50. Kf3 Rg1 51. Rxh6 Kxe5 52. Rg6 Rh1 53. h6 Kd5 54. g5 e5 55. Rg7 Rh3+ 56. Ke2 Ke4 57. h7 Rh2+ 58. Kd1 Kd3 59. Rd7+ Ke3 60. g6 e4 61. Re7 Kd3 62. Rd7+ Ke3 63. g7 Rxh7 0-1